[Event "WCO2014"]
[Site "Tromso"]
[Date "2014.08.06"]
[Round "5.13"]
[WhiteID "7700156"]
[White "Harper Ryan"]
[BlackID "12300110"]
[Black "Hamal Manish"]
[Result "0-1"]
[LiveChessVersion "1.4.3"]
[BlackElo "2068"]
[WhiteElo "2236"]

1. e4 {[%clk 1:30:58]} e6 {[%clk 1:29:46]} 2. d4 {[%clk 1:31:24]} d5
{[%clk 1:30:12]} 3. Nc3 {[%clk 1:31:49]} Nf6 {[%clk 1:30:37]} 4. Bg5
{[%clk 1:32:12]} Bb4 {[%clk 1:30:51]} 5. e5 {[%clk 1:32:35]} h6 {[%clk 1:31:12]}
6. Bc1 {[%clk 1:32:03]} Ne4 {[%clk 1:27:49]} 7. Qg4 {[%clk 1:32:23]} g6
{[%clk 1:27:50]} 8. Nge2 {[%clk 1:32:47]} c5 {[%clk 1:28:14]} 9. a3
{[%clk 1:32:23]} Qa5 {[%clk 1:25:43]} 10. axb4 {[%clk 1:18:15]} Qxa1
{[%clk 1:23:16]} 11. Nxe4 {[%clk 1:18:00]} dxe4 {[%clk 1:23:35]} 12. bxc5
{[%clk 1:18:03]} Bd7 {[%clk 1:21:16]} 13. Qxe4 {[%clk 1:12:23]} Bc6
{[%clk 1:21:35]} 14. Qe3 {[%clk 1:11:00]} Na6 {[%clk 1:21:44]} 15. f3
{[%clk 1:10:59]} Nb4 {[%clk 1:21:51]} 16. Kf2 {[%clk 1:11:22]} Qb1
{[%clk 1:20:03]} 17. Qd2 {[%clk 0:24:40]} a5 {[%clk 1:14:37]} 18. c4
{[%clk 0:18:53]} Nd3+ {[%clk 1:12:20]} 19. Ke3 {[%clk 0:18:56]} Nxc1
{[%clk 1:12:16]} 20. Qxc1 {[%clk 0:19:20]} Qxc1+ {[%clk 1:09:10]} 21. Nxc1
{[%clk 0:19:45]} Ke7 {[%clk 1:09:34]} 22. Na2 {[%clk 0:18:39]} Rhd8
{[%clk 1:08:45]} 23. Be2 {[%clk 0:18:52]} Rab8 {[%clk 1:08:20]} 24. b4
{[%clk 0:17:09]} axb4 {[%clk 1:06:02]} 25. Nxb4 {[%clk 0:17:31]} Ra8
{[%clk 1:06:21]} 26. Rb1 {[%clk 0:16:52]} Rd7 {[%clk 1:04:47]} 27. Rb2
{[%clk 0:11:50]} f6 {[%clk 0:59:52]} 28. exf6+ {[%clk 0:11:07]} Kxf6
{[%clk 0:59:14]} 29. Nc2 {[%clk 0:09:34]} g5 {[%clk 0:54:50]} 30. Bd3
{[%clk 0:09:20]} Ra4 {[%clk 0:54:05]} 31. Rb6 {[%clk 0:07:43]} Ra8
{[%clk 0:43:57]} 32. Nb4 {[%clk 0:07:16]} Rad8 {[%clk 0:43:38]} 33. Nc2
{[%clk 0:06:51]} Ke7 {[%clk 0:41:46]} 34. Rb4 {[%clk 0:06:48]} Ra8
{[%clk 0:41:55]} 35. Be4 {[%clk 0:07:13]} Rc8 {[%clk 0:33:48]} 36. Rb6
{[%clk 0:06:50]} Bxe4 {[%clk 0:33:29]} 37. fxe4 {[%clk 0:06:30]} Rc6
{[%clk 0:33:52]} 38. Rb5 {[%clk 0:06:42]} Ra6 {[%clk 0:33:13]} 39. d5
{[%clk 0:06:33]} e5 {[%clk 0:33:22]} 40. Nb4 {[%clk 0:05:26]} Ra3+
{[%clk 0:33:41]} 41. Nd3 {[%clk 0:04:52]} Kd8 {[%clk 0:33:48]} 42. Rb6
{[%clk 0:01:51]} Rf7 {[%clk 0:33:14]} 43. Rb1 {[%clk 0:27:12]} g4
{[%clk 1:03:29]} 44. Rg1 {[%clk 0:26:28]} Rf4 {[%clk 1:03:08]} 45. Re1
{[%clk 0:24:29]} Kc8 {[%clk 1:02:50]} 46. Kd2 {[%clk 0:21:13]} Rf6
{[%clk 1:01:58]} 47. Kc2 {[%clk 0:20:09]} h5 {[%clk 1:01:59]} 48. Rd1
{[%clk 0:18:48]} Ra2+ {[%clk 1:01:42]} 49. Kb3 {[%clk 0:18:56]} Rxg2
{[%clk 1:01:59]} 50. Nxe5 {[%clk 0:18:21]} Rff2 {[%clk 0:57:03]} 51. c6
{[%clk 0:14:19]} bxc6 {[%clk 0:55:29]} 52. Nxc6 {[%clk 0:14:34]} Rxh2
{[%clk 0:55:08]} 53. Kb4 {[%clk 0:12:30]} Rd2 {[%clk 0:54:56]} 54. Rf1
{[%clk 0:12:07]} Rhf2 {[%clk 0:47:07]} 55. Rh1 {[%clk 0:12:25]} Rh2
{[%clk 0:43:17]} 56. Rf1 {[%clk 0:12:31]} Rdf2 {[%clk 0:42:06]} 57. Ra1
{[%clk 0:12:44]} Ra2 {[%clk 0:41:10]} 58. Rf1 {[%clk 0:13:06]} Rhf2
{[%clk 0:41:34]} 59. Rh1 {[%clk 0:13:24]} g3 {[%clk 0:37:23]} 60. Rxh5
{[%clk 0:13:24]} g2 {[%clk 0:36:12]} 61. Rg5 {[%clk 0:08:30]} Rf1
{[%clk 0:36:15]} 62. Rg8+ {[%clk 0:05:22]} Kd7 {[%clk 0:36:02]} 63. Rg7+
{[%clk 0:04:36]} Ke8 {[%clk 0:36:22]} 64. d6 {[%clk 0:04:31]} Rd1
{[%clk 0:35:31]} 65. Kc5 {[%clk 0:02:42]} g1=Q+ {[%clk 0:33:30]} 66. Rxg1
{[%clk 0:03:29]} Rxg1 {[%clk 0:35:36]} 67. e5 {[%clk 0:02:53]} Kd7
{[%clk 0:32:51]} 68. Nb8+ {[%clk 0:02:42]} Ke6 {[%clk 0:32:58]} 69. Nc6
{[%clk 0:01:50]} Rd1 {[%clk 0:28:04]} 70. Kb6 {[%clk 0:00:52]} Kd7
{[%clk 0:27:25]} 71. Nb8+ {[%clk 0:00:55]} Kc8 {[%clk 0:27:33]} 72. Nc6
{[%clk 0:01:05]} Rb2+ {[%clk 0:27:50]} 73. Kc5 {[%clk 0:01:19]} Kd7
{[%clk 0:28:07]} 74. Ne7 {[%clk 0:00:56]} Rb8 {[%clk 0:26:57]} 75. Nd5
{[%clk 0:00:38]} Rc8+ {[%clk 0:27:12]} 76. Kb4 {[%clk 0:01:04]} Ke6
{[%clk 0:26:07]} 77. Nb6 {[%clk 0:00:57]} Rb1+ {[%clk 0:26:04]} 78. Ka5
{[%clk 0:01:15]} Rc5+ {[%clk 0:26:25]} 79. Ka6 {[%clk 0:01:30]} Rxb6+
{[%clk 0:26:25]} 80. Kxb6 {[%clk 0:01:58]} Rxc4 {[%clk 0:26:48]} 0-1

[Event "WCO2014"]
[Site "Tromso"]
[Date "2014.08.06"]
[Round "5.5"]
[WhiteID "8700117"]
[White "Chumfwa Stanley"]
[BlackID "13800574"]
[Black "Tologontegin Semetey"]
[Result "0-1"]
[LiveChessVersion "1.4.3"]
[BlackElo "2354"]
[WhiteElo "2317"]

1. e4 {[%clk 1:30:58]} c5 {[%clk 1:30:50]} 2. Nf3 {[%clk 1:31:20]} e6
{[%clk 1:31:16]} 3. d4 {[%clk 1:31:32]} cxd4 {[%clk 1:31:40]} 4. Nxd4
{[%clk 1:32:00]} a6 {[%clk 1:31:59]} 5. Nc3 {[%clk 1:31:35]} Qc7 {[%clk 1:32:17]}
6. g3 {[%clk 1:29:27]} Bb4 {[%clk 1:32:23]} 7. Nde2 {[%clk 1:29:14]} Be7
{[%clk 1:31:47]} 8. Bg2 {[%clk 1:27:31]} Nf6 {[%clk 1:26:55]} 9. O-O
{[%clk 1:27:40]} O-O {[%clk 1:26:56]} 10. h3 {[%clk 1:24:52]} Nc6
{[%clk 1:25:20]} 11. g4 {[%clk 1:10:07]} Rd8 {[%clk 1:18:11]} 12. Nf4
{[%clk 0:57:58]} b5 {[%clk 1:04:53]} 13. g5 {[%clk 0:50:43]} Ne8 {[%clk 1:05:01]}
14. Nh5 {[%clk 0:48:26]} Bb7 {[%clk 1:04:44]} 15. f4 {[%clk 0:30:46]} d5
{[%clk 0:54:10]} 16. e5 Nb4 {[%clk 0:54:03]} 17. a3 {[%clk 0:20:59]} d4
{[%clk 0:53:52]} 18. Ne4 {[%clk 0:20:05]} Nxc2 {[%clk 0:53:39]} 19. Nhf6+
{[%clk 0:17:11]} Bxf6 {[%clk 0:52:12]} 20. gxf6 {[%clk 0:13:01]} Nxa1
{[%clk 0:50:55]} 21. fxg7 {[%clk 0:13:25]} Qc2 {[%clk 0:49:59]} 22. Qe1
{[%clk 0:11:31]} Nb3 {[%clk 0:49:33]} 23. f5 {[%clk 0:09:55]} exf5
{[%clk 0:45:39]} 24. e6 {[%clk 0:10:12]} f6 {[%clk 0:38:44]} 25. Qb4
{[%clk 0:05:26]} Nc5 {[%clk 0:37:54]} 26. Nxf6+ {[%clk 0:05:45]} Nxf6
{[%clk 0:38:13]} 27. Bxb7 {[%clk 0:06:14]} Ra7 {[%clk 0:29:17]} 28. e7
{[%clk 0:04:39]} Re8 {[%clk 0:27:11]} 29. Qxd4 {[%clk 0:03:22]} Rxb7
{[%clk 0:27:26]} 30. Qxf6 {[%clk 0:03:04]} Rbxe7 {[%clk 0:27:45]} 31. Bh6
{[%clk 0:03:21]} Nd7 {[%clk 0:28:03]} 32. Qxa6 {[%clk 0:01:20]} Re6
{[%clk 0:28:01]} 0-1

[Event "WCO2014"]
[Site "Tromso"]
[Date "2014.08.06"]
[Round "5.33"]
[WhiteID "24636789"]
[White "Ghadimi Mohammed Reza"]
[BlackID "8100500"]
[Black "Khader Sami"]
[Result "0-1"]
[LiveChessVersion "1.4.3"]
[BlackElo "2352"]
[WhiteElo "2172"]

1. e4 {[%clk 1:30:56]} c5 {[%clk 1:30:53]} 2. Nf3 {[%clk 1:31:21]} Nc6
{[%clk 1:31:19]} 3. Bb5 {[%clk 1:31:45]} Nf6 {[%clk 1:30:14]} 4. Nc3
{[%clk 1:31:24]} Nd4 {[%clk 1:28:56]} 5. e5 {[%clk 1:29:00]} Nxb5
{[%clk 1:29:04]} 6. Nxb5 {[%clk 1:29:16]} Nd5 {[%clk 1:29:09]} 7. Ng5
{[%clk 1:29:34]} f5 {[%clk 1:22:04]} 8. exf6 {[%clk 1:13:57]} Nxf6
{[%clk 1:17:16]} 9. Qe2 {[%clk 1:13:42]} Qb6 {[%clk 1:10:54]} 10. c4
{[%clk 1:13:42]} a6 {[%clk 1:08:39]} 11. Nc3 {[%clk 1:13:59]} Qc6
{[%clk 1:04:56]} 12. O-O {[%clk 1:05:26]} e6 {[%clk 1:03:10]} 13. f4
{[%clk 1:05:05]} Be7 {[%clk 0:46:33]} 14. f5 {[%clk 1:04:22]} O-O
{[%clk 0:45:02]} 15. fxe6 {[%clk 1:04:40]} dxe6 {[%clk 0:44:47]} 16. d3
{[%clk 1:03:09]} b5 {[%clk 0:43:23]} 17. Bd2 {[%clk 1:01:51]} e5 {[%clk 0:41:50]}
18. Rae1 {[%clk 0:56:21]} Bb7 {[%clk 0:41:39]} 19. b3 {[%clk 0:56:12]} Rad8
{[%clk 0:40:46]} 20. Nf3 {[%clk 0:52:32]} Bd6 {[%clk 0:40:14]} 21. Bg5
{[%clk 0:51:37]} Bb8 {[%clk 0:39:55]} 22. Nh4 {[%clk 0:43:02]} Qd7
{[%clk 0:30:37]} 23. Bxf6 {[%clk 0:39:21]} gxf6 {[%clk 0:30:34]} 24. Ne4
{[%clk 0:39:36]} Qxd3 {[%clk 0:24:39]} 25. Qg4+ {[%clk 0:32:49]} Kh8
{[%clk 0:22:27]} 26. Nf5 {[%clk 0:31:28]} Rg8 {[%clk 0:21:21]} 27. Qh4
{[%clk 0:30:33]} Rdf8 {[%clk 0:18:54]} 28. Re3 {[%clk 0:29:29]} Qc2
{[%clk 0:14:37]} 29. Rf2 {[%clk 0:14:29]} Qd1+ {[%clk 0:14:13]} 30. Rf1
{[%clk 0:14:50]} Qg4 {[%clk 0:13:32]} 31. Qxg4 {[%clk 0:10:37]} Rxg4
{[%clk 0:13:53]} 32. Nfg3 {[%clk 0:10:49]} f5 {[%clk 0:10:32]} 33. Nxc5
{[%clk 0:09:27]} bxc4 {[%clk 0:06:46]} 34. Rc3 {[%clk 0:05:38]} Ba7
{[%clk 0:06:17]} 35. b4 {[%clk 0:05:51]} Bc8 {[%clk 0:02:59]} 36. Rfc1
{[%clk 0:04:31]} Rfg8 {[%clk 0:01:21]} 37. R1c2 {[%clk 0:04:21]} f4
{[%clk 0:01:31]} 38. Nge4 {[%clk 0:03:35]} Bf5 {[%clk 0:01:47]} 39. Nf6
{[%clk 0:01:16]} Bxc2 {[%clk 0:01:43]} 40. Nxg4 {[%clk 0:01:39]} Bb1
{[%clk 0:00:42]} 41. Nxe5 {[%clk 0:01:14]} Bxa2 {[%clk 0:29:54]} 42. Nxc4
{[%clk 0:31:37]} f3 {[%clk 0:28:48]} 43. g3 {[%clk 0:32:03]} Rg4 {[%clk 0:29:03]}
44. Ne3 {[%clk 0:26:38]} Rxb4 {[%clk 0:29:03]} 45. Nxa6 {[%clk 0:26:40]} Rb2
{[%clk 0:28:15]} 46. Nc5 {[%clk 0:21:26]} Re2 {[%clk 0:27:10]} 47. Ng4
{[%clk 0:21:03]} Be6 {[%clk 0:24:22]} 48. h3 {[%clk 0:19:06]} Bxg4
{[%clk 0:14:41]} 49. hxg4 {[%clk 0:19:22]} Re5 {[%clk 0:14:44]} 50. Kf2
{[%clk 0:19:23]} Bxc5+ {[%clk 0:15:05]} 51. Kxf3 {[%clk 0:19:48]} Bf8
{[%clk 0:14:52]} 52. Rc7 {[%clk 0:18:59]} Kg8 {[%clk 0:15:05]} 53. Rd7
{[%clk 0:18:36]} Be7 {[%clk 0:15:02]} 54. Rd3 {[%clk 0:18:29]} Kf7
{[%clk 0:15:18]} 55. Rb3 {[%clk 0:18:26]} Re6 {[%clk 0:15:03]} 56. Rd3
{[%clk 0:18:39]} Kg6 {[%clk 0:15:06]} 57. Rd5 {[%clk 0:18:46]} Bg5
{[%clk 0:15:10]} 58. Rd3 {[%clk 0:19:08]} Rf6+ {[%clk 0:15:25]} 59. Kg2
{[%clk 0:19:30]} Re6 {[%clk 0:14:16]} 60. Kf3 {[%clk 0:19:38]} Bf6
{[%clk 0:13:27]} 61. Rb3 {[%clk 0:19:57]} Be5 {[%clk 0:13:05]} 62. Re3
{[%clk 0:19:01]} Kg5 {[%clk 0:13:07]} 63. Re4 {[%clk 0:19:20]} Rf6+
{[%clk 0:13:06]} 64. Kg2 {[%clk 0:19:45]} Bb8 {[%clk 0:12:59]} 65. Re8
{[%clk 0:19:57]} Rb6 {[%clk 0:12:29]} 66. Rg8+ {[%clk 0:20:06]} Kf6
{[%clk 0:12:54]} 67. Rf8+ {[%clk 0:20:24]} Kg6 {[%clk 0:13:16]} 68. Rf3
{[%clk 0:20:06]} Kg5 {[%clk 0:13:16]} 69. Rf7 {[%clk 0:20:08]} h6
{[%clk 0:12:34]} 70. Kh3 {[%clk 0:18:01]} Rb3 {[%clk 0:12:19]} 71. Rf5+
{[%clk 0:18:08]} Kg6 {[%clk 0:12:40]} 72. Rc5 {[%clk 0:18:20]} Bxg3
{[%clk 0:12:35]} 73. Rc6+ {[%clk 0:17:41]} Kg7 {[%clk 0:12:56]} 74. Kg2 Be5
{[%clk 0:11:48]} 75. Re6 {[%clk 0:18:08]} Bf6 {[%clk 0:11:31]} 76. Re4
{[%clk 0:18:32]} Kg6 {[%clk 0:11:52]} 77. Ra4 {[%clk 0:18:51]} Kg5
{[%clk 0:12:10]} 78. Rc4 {[%clk 0:19:03]} Be7 {[%clk 0:11:12]} 79. Rd4
{[%clk 0:19:03]} Ba3 {[%clk 0:09:44]} 80. Kh2 {[%clk 0:18:38]} Bc1
{[%clk 0:09:44]} 0-1

[Event "WCO2014"]
[Site "Tromso"]
[Date "2014.08.06"]
[Round "5.6"]
[WhiteID "3100197"]
[White "Almedina Ortiz Edgardo J."]
[BlackID "6000185"]
[Black "Tsang Hon Ki"]
[Result "1/2-1/2"]
[LiveChessVersion "1.4.3"]
[BlackElo "2111"]
[WhiteElo "2277"]

1. e4 {[%clk 1:30:57]} Nf6 {[%clk 1:30:49]} 2. e5 {[%clk 1:31:10]} Nd5
{[%clk 1:31:13]} 3. d4 {[%clk 1:31:38]} d6 {[%clk 1:31:29]} 4. c4
{[%clk 1:29:22]} Nb6 {[%clk 1:31:52]} 5. exd6 {[%clk 1:29:47]} cxd6
{[%clk 1:29:29]} 6. Nc3 {[%clk 1:29:30]} g6 {[%clk 1:27:21]} 7. Be3
{[%clk 1:29:49]} Bg7 {[%clk 1:27:11]} 8. Rc1 {[%clk 1:30:15]} Nc6
{[%clk 1:23:44]} 9. Be2 {[%clk 1:27:40]} e5 {[%clk 1:23:12]} 10. dxe5
{[%clk 1:24:38]} dxe5 {[%clk 1:23:18]} 11. Qxd8+ {[%clk 1:24:41]} Kxd8
{[%clk 1:22:21]} 12. c5 {[%clk 1:19:45]} Nd7 {[%clk 1:21:52]} 13. Bc4
{[%clk 1:19:55]} f5 {[%clk 1:19:56]} 14. Bg5+ {[%clk 1:14:18]} Bf6
{[%clk 1:17:33]} 15. Nf3 {[%clk 1:14:38]} e4 {[%clk 1:13:22]} 16. Rd1
{[%clk 0:59:02]} Bxg5 {[%clk 0:50:23]} 17. Nxg5 {[%clk 0:59:30]} Nce5
{[%clk 0:50:27]} 18. Bb3 {[%clk 0:42:24]} Kc7 {[%clk 0:40:38]} 19. Ne6+
{[%clk 0:31:17]} Kb8 {[%clk 0:40:36]} 20. Nd5 {[%clk 0:30:31]} Nd3+
{[%clk 0:37:21]} 21. Kf1 {[%clk 0:27:02]} N7xc5 {[%clk 0:36:30]} 22. Nec7
{[%clk 0:20:04]} Nxb3 {[%clk 0:23:59]} 23. axb3 {[%clk 0:19:29]} Rd8
{[%clk 0:23:31]} 24. Rd2 {[%clk 0:14:18]} Nb4 {[%clk 0:16:04]} 25. Ke2
{[%clk 0:08:47]} Nxd5 {[%clk 0:15:51]} 26. Nxd5 {[%clk 0:09:15]} b6
{[%clk 0:14:03]} 27. Rc1 {[%clk 0:08:43]} Ba6+ {[%clk 0:11:56]} 28. Ke3
{[%clk 0:08:43]} Rd7 {[%clk 0:10:53]} 29. g3 {[%clk 0:06:57]} Kb7
{[%clk 0:10:42]} 30. Rcd1 {[%clk 0:04:16]} Rad8 {[%clk 0:06:14]} 31. Nf6
{[%clk 0:04:35]} Rd3+ {[%clk 0:05:50]} 32. Rxd3 {[%clk 0:04:56]} exd3
{[%clk 0:06:06]} 33. Rd2 {[%clk 0:03:45]} h6 {[%clk 0:05:50]} 34. Kf4
{[%clk 0:01:46]} Rc8 {[%clk 0:05:41]} 35. Nd5 {[%clk 0:01:51]} g5+
{[%clk 0:04:36]} 36. Ke3 {[%clk 0:02:20]} Re8+ {[%clk 0:04:14]} 37. Kd4
{[%clk 0:02:45]} Rd8 {[%clk 0:04:01]} 38. Ke5 {[%clk 0:02:45]} Re8+
{[%clk 0:04:04]} 39. Kd4 {[%clk 0:03:12]} Rd8 {[%clk 0:02:26]} 40. Ke5
{[%clk 0:03:41]} Re8+ {[%clk 0:02:25]} 1/2-1/2

[Event "WCO2014"]
[Site "Tromso"]
[Date "2014.08.06"]
[Round "5.16"]
[WhiteID "20500220"]
[White "Gerrard Mphungt"]
[BlackID "8400490"]
[Black "Deras Flores Rodolfo"]
[Result "1-0"]
[LiveChessVersion "1.4.3"]
[BlackElo "1904"]
[WhiteElo "1930"]

1. d4 {[%clk 1:30:24]} Nf6 {[%clk 1:30:54]} 2. c4 {[%clk 1:30:52]} e6
{[%clk 1:31:17]} 3. Nc3 {[%clk 1:31:20]} Bb4 {[%clk 1:31:19]} 4. e3
{[%clk 1:31:46]} c5 {[%clk 1:31:09]} 5. a3 {[%clk 1:31:12]} cxd4 {[%clk 1:31:31]}
6. axb4 {[%clk 1:31:07]} dxc3 {[%clk 1:31:50]} 7. bxc3 {[%clk 1:31:35]} b6
{[%clk 1:30:57]} 8. Be2 {[%clk 1:23:16]} Bb7 {[%clk 1:27:48]} 9. Nf3
{[%clk 1:22:56]} O-O {[%clk 1:26:19]} 10. O-O {[%clk 1:23:23]} Ne4
{[%clk 1:18:37]} 11. Bb2 {[%clk 1:17:49]} f5 {[%clk 1:18:02]} 12. Nd2
{[%clk 1:14:56]} Nc6 {[%clk 1:09:02]} 13. f4 {[%clk 1:13:51]} Ne7
{[%clk 0:58:51]} 14. Nxe4 {[%clk 1:09:06]} fxe4 {[%clk 0:58:46]} 15. Qd2
{[%clk 1:05:44]} Nf5 {[%clk 0:47:52]} 16. Bg4 {[%clk 1:04:27]} Nh6
{[%clk 0:43:39]} 17. Bh3 {[%clk 1:04:03]} Rf7 {[%clk 0:34:44]} 18. Qd6
{[%clk 1:03:39]} Nf5 {[%clk 0:33:25]} 19. Bxf5 {[%clk 1:03:17]} exf5
{[%clk 0:32:04]} 20. Rfd1 {[%clk 1:02:58]} g5 {[%clk 0:29:46]} 21. c5
{[%clk 1:01:28]} gxf4 {[%clk 0:14:05]} 22. Qxf4 {[%clk 0:59:04]} bxc5
{[%clk 0:12:17]} 23. c4 {[%clk 0:58:27]} Qe7 {[%clk 0:10:08]} 24. Rd6
{[%clk 0:55:59]} cxb4 {[%clk 0:10:20]} 25. Qh6 {[%clk 0:55:57]} Qxd6
{[%clk 0:05:13]} 26. Qxd6 {[%clk 0:56:11]} a5 {[%clk 0:05:29]} 27. Qc7
{[%clk 0:54:00]} d5 {[%clk 0:04:16]} 28. Qe5 {[%clk 0:54:14]} Kf8
{[%clk 0:04:36]} 29. cxd5 {[%clk 0:54:35]} a4 {[%clk 0:04:58]} 30. d6
{[%clk 0:54:57]} 1-0